Normal view MARC view
  • MISHRA, ANKIT KUMAR 2- MISHRA, DR. J.N. 3- MISHRA, ASHOK KUMAR . 4- VINAY, BHARATI

Entry Personal Name

Number of records used in: 1

001 - CONTROL NUMBER

  • control field: 8814

003 - CONTROL NUMBER IDENTIFIER

  • control field: JRU

005 - DATE AND TIME OF LATEST TRANSACTION

  • control field: 20251125104155.0

008 - FIXED-LENGTH DATA ELEMENTS

  • fixed length control field: 251125|| aca||aabn | a|a d

040 ## - CATALOGING SOURCE

  • Original cataloging agency: JRU
  • Transcribing agency: JRU

100 ## - HEADING--PERSONAL NAME

  • Personal name: MISHRA, ANKIT KUMAR 2- MISHRA, DR. J.N. 3- MISHRA, ASHOK KUMAR . 4- VINAY, BHARATI

670 ## - SOURCE DATA FOUND

  • Source citation: Work cat.: (JRU)8994: MISHRA, ANKIT KUMAR 2- MISHRA, DR. J.N. 3- MISHRA, ASHOK KUMAR . 4- VINAY, BHARATI. , SOCIAL AND PREVENTIVE PHARMACY FOR THE STUDENTS OF B. PHARM [ 8TH SEMESTER] , 2025